000 00711nam a2200253Ia 4500
001 16365
003 GE_BSU
008 181216s||||||||xx |||||||||||||| ||und||
020 _a9789941225475
040 _cGE_BSU
080 _a811.161.1-8(075.8)
100 _aАлексидзе, Марина. Гурули,Лаура
245 _aМы изучаем русский язык
245 _bУчеб.пособ.
245 _cРед:Т,И ,Чохели
260 _aТбилиси
260 _bУниверсал
260 _c2015
300 _a298ст,20см
541 _h18Л.
653 _aМы изучаем русский язык
653 _aრუსული ენა
942 _cBK
999 _c49442
_d49442